CONSTRU S2 - C8 LES PLANCHERS - Statistiques

Statistiques générales
  • Ce quiz a été pris 196 fois
  • Le résultat moyen est 3 sur 5
Statistiques - réponses
Question Réponse % Correct
Quel type d’isolation est requis entre deux étages ? Acoustique
100%
Plancher avec alvéoles ? Dalle alvéolée
100%
Quel plancher nécessite 28 jours de séchage ? Dalle pleine coulée sur place
100%
Partie de la poutre neutre ? Fibre neutre
100%
Plancher adapté aux maisons individuelles ? Plancher à poutrelles et entrevous
100%
À quoi sert le contreventement par le plancher ? Résister aux efforts horizontaux
100%
Technique courante dans les bureaux ? Prédalle
86%
Matériaux du plancher collaborant ? Acier + béton
80%
Caractéristique d’un plancher collaborant ? Composé de bac acier et béton
80%
Le plancher participe au contreventement quand : Il transmet les efforts horizontaux
80%
Raison de l’enrobage des aciers ? Protection feu et corrosion
80%
Fonction des nervures ? Réduire le poids tout en augmentant la rigidité
80%
Quel type de charge un plancher doit-il supporter ? Charges permanentes et d’exploitation
75%
Quel plancher est composé de poutrelles et d’entrevous ? Plancher à poutrelles et entrevous
75%
Qu’est-ce qu’une prédalle ? Une dalle préfabriquée partiellement complétée sur chantier
71%
Définition de la flèche admissible ? Déformation maximale tolérée
67%
Plancher 100 % coulé sur chantier ? Dalle pleine
60%
Portée maximale d'une dalle alvéolée ? 18m
50%
Épaisseur d’une dalle pleine ? 20 cm
50%
Épaisseur minimale d’enrobage ? 25mm
50%
Quel matériau est principalement bon en traction ? Acier
50%
Dalle utilisée pour portées croisées ? Dalle à caissons
50%
Finition lisse en sous-face ? Dalle pleine
50%
Plancher nécessitant un traitement coupe-feu ? Plancher collaborant
50%
Quel est le rôle principal d’un plancher ? Séparer verticalement les niveaux
50%
Plancher brut en sous-face ? Plancher à poutrelles et entrevous
43%
Plancher le plus rapide à poser ? Plancher collaborant
40%
Raison d’un plancher champignon ? Éviter le poinçonnement
33%
Plancher évitant les coffrages sur site ? Prédalle
33%
Pourquoi renforcer les jonctions en rénovation ? Continuité des efforts
0%
Aucun quiz correspondant
Distribution des résultats
% des personnes avec chaque résultat
Percentile par nombre de réponses
Votre historique - résultats
Vous n’avez pas pris ce quiz